Biblioteca

The Absoluteness of Christianity and the history of religions (Registro nro. 46347)

Detalles MARC
000 -LÍDER
Campo fijo de descripción fija 01297aam a2200313 4500
001 - NÚMERO DE CONTROL
Campo de control 19993
003 - IDENTIFICADOR DEL NÚMERO DE CONTROL
Campo de control CO-MdFUSB
005 - FECHA Y HORA DE LA ULTIMA TRANSACCIÓN
control field 20180622165838.0
008 - ELEMENTOS DE LONGITUD FIJA -- INFORMACIÓN GENERAL
Campo fijo de descripción fija -- Información general 170310t19721971enk||||f |||| 00| 0 eng d
020 ## - NÚMERO INTERNACIONAL NORMALIZADO PARA LIBROS
Número Internacional Normalizado del libro 334-00006-8
040 ## - FUENTE DE CATALOGACIÓN
Agencia de catalogación original CO-MdFUSB
Idioma de catalogación spa
Agencia que realiza la transcripción CO-MdFUSB
Agencia que realiza la modificación CO-MdFUSBC
Convenciones de la descripción rda
041 ## - CÓDIGO DE IDIOMA
Código de idioma para texto/pista de sonido o título separado eng
082 ## - NÚMERO DE CLASIFICACIÓN DECIMAL DEWEY
Número de la edición del Dewey 24
Número de clasificación G 261.2
Clave de autor-Numero de item T843a
100 1# - ASIENTO PRINCIPAL--NOMBRE PERSONAL
Nombre personal Troeltsch, Ernst
Término relacionador autor
245 04 - TÍTULO
Título del Material The Absoluteness of Christianity and the history of religions
Mención de responsabilidad, etc. / Ernst Troeltsch ; Traducido por David Reid
264 #1 - PRODUCCIÓN, PUBLICACIÓN, DISTRIBUCIÓN, MANUFACTURA, Y COPYRIGHT
Lugar de producción, publicación, distribución, manufactura London :
Nombre del productor, publicador, distribuidor SCM Press,
Fecha de producción, publicación, distribución, manufactura, o copyright ℗1972
264 #4 - PRODUCCIÓN, PUBLICACIÓN, DISTRIBUCIÓN, MANUFACTURA, Y COPYRIGHT
Fecha de producción, publicación, distribución, manufactura, o copyright ©1971
300 ## - DESCRIPCIÓN FÍSICA
Extensión 173 páginas
Otros detalles físicos :
Dimensiones ;
336 ## - TIPO DE CONTENIDO
Fuente rdacontent
Término de tipo de contenido
Código de tipo de contenido
337 ## - TIPO DE MEDIO
Fuente rdamedia
Nombre del tipo de medio
Código del tipo de medio
338 ## - TIPO DE SOPORTE
Fuente rdacarrier
Nombre del tipo de soporte
Código Tipo de soporte
490 4# - MENCIÓN DE SERIE
Mención de serie The Library of Philosophy and Theology
500 ## - NOTA GENERAL
Nota General Título original en alemán: Die absolutheit des Christentums und die Religionsgeschichte
505 00 - NOTA DE CONTENIDO
Nota de contenido con formato preestablecido Antecedentes del problema del carácter absoluto del cristianismo - Reexaminación de la apologética evolutiva - La relatividad histórica y las normas de valor - El cristianismo: El punto focal y la culminación de todos los acontecimientos religiosos - Utilidad de este enfoque - Hay dos tipos de carácter absoluto
563 ## - NOTA DE ENCUADERNACIÓN
Nota de encuadernación Pasta dura
650 #7 - ASIENTO SECUNDARIO DE MATERIA - TERMINO TEMÁTICO
9 (RLIN) 385
Término temático o nombre geográfico como elemento de entrada Religión
942 ## - TIPO DE MATERIAL (KOHA)
Tipo de Item KOHA Libros General
Existencias
Estado de Material Estado de Perdido Forma de Clasificación Estado de Dañado No para Préstamo Colección Tomo Biblioteca de Origen Biblioteca Permanente Fecha de Adquisición Total de Préstamos Signatura Topográfica Código de Barras Última vez visto Ejemplar/Existencia Fecha de Remplazo Tipo de Material
    Dewey Decimal Classification     Colección General   Biblioteca FUSBC Biblioteca FUSBC 03/06/2015   G 261.2 T843a 20926 12/12/2019 Ej. 1 26/01/2016 Libros General

Biblioteca FUSBC | Teléfono: (57+4) 349 88 10 Ext. 141| WhatsApp (+57) 3005338115 
E-mail: biblioteca@unisbc.edu.co | Calle 76 87-14 Robledo Palenque, Medellín, Colombia

Con tecnología Koha